• 首页
  • 本馆介绍
  • 公告通知
  • 最新文献
  • 馆藏检索
  • 电子资源
  • 读者导购
  • 参考咨询
  • 我的图书馆
  • 登录
  • 详细信息显示
  • 放入我的书架
  • 预约/预借图书
  • 作者相关作品
  • 分类相关作品
  • 丛书相关作品
  • 出版社相关作品

书目信息

  • 表格格式
  • 工作单格式
  • 卡片格式
题名:
中老年人学视频编辑
    
 
作者: 张心 , 柏松 编著
分册:  
出版信息: 北京   电子工业出版社  2016.1
页数: 11,272页
开本: 26cm
丛书名:
单 册:
中图分类: TN94 , TP317
科图分类:
主题词: 多媒体软件--视频编辑软件--教材
电子资源:
ISBN: 978-7-121-27734-4
000 01259nam0 2200265 450
001 0400003024
005 20171021173136.0
010    @a978-7-121-27734-4@dCNY69.00(含1光盘)
100    @a20150920d2016 em y0chiy50 ea
101 0  @achi
102    @aCN@b110000
105    @ay z 000yy
106    @ar
200 1  @a中老年人学视频编辑@9zhong lao nian ren xue shi pin bian ji@e会声会影X7全程图解视频教程(全彩)@f张心, 柏松编著
210    @a北京@c电子工业出版社@d2016.1
215    @a11,272页@d26cm@e光盘1片
330    @a本书是专门针对中老年人学习运用会声会影进行视频编辑的首选教程。为了方便中老年朋友进行学习,本书特意采用了“大号文字+高清图解+视频演示”的方式,通过10多个专题学习、100多个效果制作和560多张图片图解,帮助读者,特别是中老年人掌握视频的捕获、导入、剪辑、编辑,以及特效、转场、字幕、音频效果的制作,最后制作老年相册——《幸福安康》,从而轻松地掌握视频的编辑,快速从入门到精通,从新手成为视频编辑高手。
517 1  @a会声会影X7全程图解视频教程(全彩)@9hui sheng hui ying X7 quan cheng tu jie shi pin jiao cheng( quan cai)
606 0  @a多媒体软件@x视频编辑软件@j教材
690    @aTN94@v5
690    @aTP317@v5
701  0 @a张心@9zhang xin@4编著
701  0 @a柏松@9Bai Song@4编著
801  0 @aCN@b91MARC@c20171021
905    @b1035431-5@dTN94@f5@e264
    
    中老年人学视频编辑:会声会影X7全程图解视频教程(全彩)/张心, 柏松编著.-北京:电子工业出版社,2016.1
    11,272页;26cm+光盘1片
    
    
    ISBN 978-7-121-27734-4:CNY69.00(含1光盘)
    本书是专门针对中老年人学习运用会声会影进行视频编辑的首选教程。为了方便中老年朋友进行学习,本书特意采用了“大号文字+高清图解+视频演示”的方式,通过10多个专题学习、100多个效果制作和560多张图片图解,帮助读者,特别是中老年人掌握视频的捕获、导入、剪辑、编辑,以及特效、转场、字幕、音频效果的制作,最后制作老年相册——《幸福安康》,从而轻松地掌握视频的编辑,快速从入门到精通,从新手成为视频编辑高手。
●
相关链接 在E读中查询图书 在五车中查询图书 在当当中查询图书 在豆瓣中查询图书


正题名:中老年人学视频编辑     索取号:TN94/264         预约/预借

序号 登录号 条形码 馆藏地/架位号 状态 备注
1 1035431   210354310   第二样本阅览室/ [索取号:TN94/264] 在馆    
2 1035432   210354329   第三借阅区/ [索取号:TN94/264] 在馆    
3 1035433   210354338   第三借阅区/ [索取号:TN94/264] 在馆    
4 1035434   210354347   密集书库-物理学院/ [索取号:TN94/264] 在馆    
5 1035435   210354356   第三借阅区/ [索取号:TN94/264] 在馆    
唐山师范学院图书馆 欢迎您!
大连网信软件有限公司© 版权所有